Top 100 NBA Players - Season 2017/18 - Statistics

General Stats
  • This quiz has been taken 48 times
  • The average score is 58 of 100
Answer Stats
# Answer Team % Correct
1 LeBron James Cavaliers
100%
2 Kevin Durant Warriors
97%
7 Chris Paul Rockets
94%
5 James Harden Rockets
94%
3 Stephen Curry Warriors
94%
22 Blake Griffin Clippers
91%
11 Jimmy Butler Timberwolves
91%
13 John Wall Wizards
91%
4 Kawhi Leonard Spurs
91%
24 Marc Gasol Grizzlies
91%
12 Paul George Thunder
91%
6 Russell Westbrook Thunder
91%
8 Anthony Davis Pelicans
88%
17 Damian Lillard Trailblazers
88%
23 DeMarcus Cousins Pelicans
88%
10 Draymond Green Warriors
88%
14 Karl-Anthony Towns Timberwolves
88%
20 Klay Thompson Warriors
88%
21 Kyrie Irving Celtics
88%
65 Pau Gasol Spurs
88%
75 Danny Green Spurs
85%
28 DeAndre Jordan Clippers
85%
9 Giannis Antetokounmpo Bucks
85%
16 Gordon Hayward Celtics
85%
19 Kyle Lowry Raptors
85%
18 Mike Conley Grizzlies
85%
52 Tristan Thompson Cavaliers
85%
26 Kevin Love Cavaliers
82%
36 DeMar DeRozan Raptors
79%
34 Hassan Whiteside Heat
79%
29 Kemba Walker Hornets
79%
15 Rudy Gobert Jazz
76%
30 Al Horford Celtics
74%
37 Carmelo Anthony Knicks
74%
38 Eric Bledsoe Suns
74%
33 Kristaps Porzingis Knicks
74%
25 Nikola Jokić Nuggets
74%
32 Bradley Beal Wizards
71%
40 Isaiah Thomas Cavaliers
71%
92 Patty Mills Spurs
71%
50 Andrew Wiggins Timberwolves
68%
41 Joel Embiid 76ers
68%
27 Paul Millsap Nuggets
68%
39 C.J. McCollum Trailblazers
65%
31 LaMarcus Aldridge Spurs
62%
100 D'Angelo Russell Nets
59%
64 Devin Booker Suns
59%
73 Dwight Howard Hornets
59%
74 Dwyane Wade Bulls
56%
43 Goran Dragić Heat
56%
35 Khris Middleton Bucks
56%
47 Steven Adams Thunder
56%
45 Brook Lopez Lakers
53%
83 Eric Gordon Rockets
53%
71 Dirk Nowitzki Mavericks
50%
66 Marcin Gortat Wizards
50%
48 Nicolas Batum Hornets
50%
85 Robin Lopez Bulls
50%
51 Andre Drummond Pistons
47%
46 Andre Iguodala Warriors
47%
93 Lou Williams Clippers
47%
61 Ricky Rubio Jazz
47%
55 Jeff Teague Timberwolves
44%
88 Marvin Williams Hornets
44%
77 Victor Oladipo Pacers
44%
54 Avery Bradley Pistons
41%
49 Harrison Barnes Mavericks
41%
53 Otto Porter Jr. Wizards
41%
44 Jae Crowder Cavaliers
38%
91 James Johnson Heat
38%
59 J. J. Redick 76ers
38%
60 Jrue Holiday Pelicans
38%
68 Myles Turner Pacers
38%
56 Serge Ibaka Raptors
38%
62 Trevor Ariza Rockets
38%
58 Clint Capela Rockets
35%
76 Dennis Schröder Hawks
35%
57 Gary Harris Nuggets
35%
94 Julius Randle Lakers
35%
78 Reggie Jackson Pistons
35%
81 Tobias Harris Pistons
35%
42 Danilo Gallinari Clippers
32%
67 Derrick Favors Jazz
32%
63 George Hill Kings
32%
80 Jonas Valančiunas Raptors
32%
69 Jusuf Nurkić Trailblazers
32%
89 Nikola Vučević Magic
32%
90 Patrick Beverley Clippers
26%
82 Robert Covington 76ers
24%
97 Ryan Anderson Rockets
24%
72 Greg Monroe Bucks
21%
87 Rodney Hood Jazz
21%
99 Kentavious Caldwell-Pope Lakers
18%
79 Markieff Morris Wizards
18%
95 Taj Gibson Timberwolves
18%
86 Nerlens Noel Mavericks
15%
96 Elfrid Payton Magic
12%
84 Wilson Chandler Nuggets
12%
70 Cody Zeller Hornets
9%
98 Patrick Patterson Thunder
9%
No matching quizzes found
Score Distribution
Percent of People with Each Score
Percentile by Number Answered
Your Score History
You have not taken this quiz